Essay on cultural development in the caribbean and the role of the caribbean development and co-operation committee (CDCC)

Guardat en:
Dades bibliogràfiques
Autor principal: Casimir, Jean
Format: Text
Publicat: México D.F.: CEESTEM
Etiquetes: Afegir etiqueta
Sense etiquetes, Sigues el primer a etiquetar aquest registre!

MARC

LEADER 00000 a a2200000 04500
001 24574
003
040
090 |a 172300  
100 |a Casimir, Jean  
245 |a Essay on cultural development in the caribbean and the role of the caribbean development and co-operation committee (CDCC)  
260 |a México D.F.:   |b CEESTEM  
300 |a 31 p.  
999 |c 15899  |d 15899